Guess the Anime - from location (1) - Statistics

General Stats
  • This quiz has been taken 212 times
  • The average score is 8 of 20
Answer Stats
Picture Answer % Correct
Shiganshina District (Attack on Titan)
89%
Infinity Castle (Demon Slayer)
76%
Suga Shrine (Your Name)
71%
Capsule Corporation (Dragon Ball)
67%
Ramen Ichiraku (Naruto)
66%
Greed Island (Hunter × Hunter)
53%
Ketil's Farm (Vinland Saga)
52%
The Astral World (Berserk)
47%
Suimon Bridge (A Silent Voice)
45%
A-city (One Punch Man)
44%
Little Garden (One Piece)
39%
Rockbells' House (Fullmetal Alchemist: Brotherhood)
34%
NERV Headquarters (Neon Genesis Evangelion)
30%
Red Gate (Spirited Away)
30%
Shibya Line (Jujutsu Kaisen)
29%
CH Postal Company (Violet Evergarden)
23%
Princess Lorelei (Spy x Family)
20%
Äußerst (Frieren: Beyond Journey's End)
14%
Room 707 (Nana)
12%
Yanabayashi Shrine (Steins;Gate)
9%
No matching quizzes found
Score Distribution
Percent of People with Each Score
Percentile by Number Answered
Your Score History
You have not taken this quiz